| 000 | 01217nam a2200349 i 4500 | ||
|---|---|---|---|
| 001 | data | ||
| 005 | 20260322212116.0 | ||
| 008 | data | ||
| 035 | _a4559494 | ||
| 906 |
_a7 _bcbc _corignew _d2 _eocip _f19 _gy-gencatlg |
||
| 010 | _a 73006482 | ||
| 020 |
_a0809285223 : _c$6.95 |
||
| 020 | _a9780809285228 | ||
| 035 | _9(DLC) 73006482 | ||
| 040 |
_aDLC _cDLC _dDLC |
||
| 042 | _alcac | ||
| 050 | 0 | 0 |
_aQH48 _b.J67 |
| 082 | 0 | 0 | _a574 |
| 100 | 1 | _aJoslin, Robert O. | |
| 245 | 1 | 0 |
_aColors, patterns, and textures in nature / _cwritten and photographed by Robert O. Joslin and Larry West. |
| 260 |
_aChicago : _bH. Regnery Co., _c[1974] |
||
| 300 |
_a48 p. : _bcol. ill. ; _c29 cm. |
||
| 336 |
_atext _btxt _2rdacontent |
||
| 337 |
_aunmediated _bn _2rdamedia |
||
| 338 |
_avolume _bnc _2rdacarrier |
||
| 520 | _aOver eighty color photographs introduce the diversity of color, patterns, and textures that appear in nature. Includes suggestions for nature study projects. | ||
| 650 | 0 |
_aNature _xJuvenile literature. |
|
| 650 | 1 | _aNature. | |
| 700 | 1 |
_aWest, Larry, _ejoint author. |
|
| 991 |
_bc-GenColl _hQH48 _i.J67 _p0005048953A _tCopy 1 _wBOOKS |
||
| 999 |
_c1751 _d1751 |
||